|
|
|
|
| LEADER |
00000nam0a2200000 4500 |
| 001 |
272772 |
| 005 |
20231101234552.0 |
| 035 |
|
|
|a (RuTPU)RU\TPU\book\295981
|
| 090 |
|
|
|a 272772
|
| 100 |
|
|
|a 20141021d1986 k y0rusy50 ca
|
| 101 |
0 |
|
|a rus
|
| 102 |
|
|
|a RU
|
| 105 |
|
|
|a a z 001zy
|
| 200 |
1 |
|
|a Аппаратура и методы изучения гравитационного и магнитного полей в Мировом океане
|e сборник научных трудов
|f Научно-исследовательский и проектный институт геофизических методов разведки океана (НИПИокеангеофизика) ; под ред. Б. Д. Углова
|
| 210 |
|
|
|a Геленджик
|c Изд-во НИПИокеангеофизика
|d 1986
|
| 215 |
|
|
|a 74 с.
|c ил.
|
| 320 |
|
|
|a Библиография в конце статей
|
| 606 |
1 |
|
|a Гравиметрия
|x (геология)
|2 stltpush
|3 (RuTPU)RU\TPU\subj\39186
|9 59375
|
| 610 |
1 |
|
|a гравитационные поля
|
| 610 |
1 |
|
|a магнитные поля
|
| 610 |
1 |
|
|a Мировой океан
|
| 610 |
1 |
|
|a изучение
|
| 610 |
1 |
|
|a методы
|
| 610 |
1 |
|
|a аппаратура
|
| 610 |
1 |
|
|a точность
|
| 610 |
1 |
|
|a магнитная съемка
|
| 610 |
1 |
|
|a магнитная восприимчивость
|
| 610 |
1 |
|
|a донные отложения
|
| 610 |
1 |
|
|a гравиметрическая аппаратура
|
| 610 |
1 |
|
|a помехоустойчивость
|
| 675 |
|
|
|a 550.312
|v 4
|
| 702 |
|
1 |
|a Углов
|b Б. Д.
|4 340
|
| 712 |
0 |
2 |
|a Научно-исследовательский и проектный институт геофизических методов разведки океана (НИПИокеангеофизика)
|c (Геленджик, Красноярский кр.)
|2 stltpush
|3 (RuTPU)RU\TPU\col\21151
|
| 801 |
|
1 |
|a RU
|b 63413507
|c 20141021
|
| 801 |
|
2 |
|a RU
|b 63413507
|c 20170317
|g RCR
|
| 942 |
|
|
|c BK
|